[Event "Sharjah Masters 4th"]
[Site "Sharjah"]
[Date "2021.09.22"]
[Round "6"]
[White "Ezat, Mohamed Mahmoud"]
[Black "Sohib, Okla"]
[Result "1-0"]
[WhiteElo "2417"]
[BlackElo "2190"]
[PlyCount "119"]
[EventDate "2021.09.17"]
[EventType "swiss"]
[EventRounds "9"]
[EventCountry "UAE"]
[SourceTitle "CBM 204 Extra"]
[Source "ChessBase"]
[SourceDate "2021.11.30"]
[SourceVersion "1"]
[SourceVersionDate "2021.11.30"]
[SourceQuality "1"]

1. d4 Nf6 2. c4 g6 3. Nc3 d5 4. Nf3 Bg7 5. Bf4 0-0 6. Rc1 c5 7. dxc5 dxc4 8. Qxd8 Rxd8 9. e3 Na6 10. c6 bxc6 11. Bxc4 Nc5 12. Ne5 Be6 13. Bxe6 Nxe6 14. Nxc6 Nxf4 15. exf4 Rd6 16. Na5 Re6+ 17. Kf1 Rc8 18. Nb3 Ne8 19. h4 Ra6 20. Rh3 Nd6 21. Re1 e6 22. Re2 h5 23. Rd3 Nc4 24. Nd1 Rxa2 25. Rc2 Ra4 26. Ke2 Rb4 27. Nd2 Kh7 28. Rd7 Nb6 29. Rxc8 Nxd7 30. Rc7 Nb6 31. Rxf7 a5 32. b3 Nd5 33. g3 a4 34. bxa4 Rxa4 35. Nf3 Ra2+ 36. Kf1 Kg8 37. Ng5 Bd4 38. Rb7 Ra6 39. Ke2 e5 40. Rd7 Nf6 41. Rd8+ Kg7 42. fxe5 Bxe5 43. Ne3 Ra2+ 44. Kf1 Ra7 45. Nc4 Re7 46. Rc8 Bd4 47. Rd8 Ba7 48. Nd6 Bb6 49. Rc8 Ba7 50. Rc6 Bd4 51. Nc8 Rd7 52. Nd6 Re7 53. Nc4 Ba7 54. Ne6+ Kh6 55. Ne5 Ne4 56. Ng5 Rxe5 57. Nf7+ Kh7 58. Nxe5 Bxf2 59. Rc7+ Kg8 60. Rc4 1-0

[Event "Sharjah Masters 4th"]
[Site "Sharjah"]
[Date "2021.09.21"]
[Round "5"]
[White "Firat, Burak"]
[Black "Sohib, Okla"]
[Result "1-0"]
[WhiteElo "2466"]
[BlackElo "2190"]
[PlyCount "73"]
[EventDate "2021.09.17"]
[EventType "swiss"]
[EventRounds "9"]
[EventCountry "UAE"]
[SourceTitle "CBM 204 Extra"]
[Source "ChessBase"]
[SourceDate "2021.11.30"]
[SourceVersion "1"]
[SourceVersionDate "2021.11.30"]
[SourceQuality "1"]

1. Nf3 Nf6 2. c4 c5 3. Nc3 Nc6 4. e3 g6 5. d4 cxd4 6. exd4 d5 7. cxd5 Nxd5 8. Qb3 e6 9. Bb5 Bg7 10. 0-0 0-0 11. Bxc6 bxc6 12. Ne4 Qb6 13. Qd1 h6 14. b3 a5 15. Re1 Rd8 16. Nc5 Ne7 17. Qc2 Nf5 18. Bb2 Rd5 19. Rad1 Nxd4 20. Bxd4 Bxd4 21. Rxd4 Qxc5 22. Rc4 Qe7 23. Ne5 Qg5 24. f4 Qh4 25. g3 Qd8 26. Rxc6 Bb7 27. Nxf7 Kxf7 28. Rcxe6 Rd3 29. Re7+ Kf8 30. Rxb7 Qd4+ 31. Qf2 a4 32. Qxd4 Rxd4 33. Re2 Rd1+ 34. Kf2 Rb1 35. Kf3 a3 36. Re6 Re8 37. Rf6+ 1-0

[Event "Sharjah Masters 4th"]
[Site "Sharjah"]
[Date "2021.09.19"]
[Round "3"]
[White "Dushyant, Sharma"]
[Black "Sohib, Okla"]
[Result "0-1"]
[WhiteElo "2332"]
[BlackElo "2190"]
[PlyCount "66"]
[EventDate "2021.09.17"]
[EventType "swiss"]
[EventRounds "9"]
[EventCountry "UAE"]
[SourceTitle "CBM 204 Extra"]
[Source "ChessBase"]
[SourceDate "2021.11.30"]
[SourceVersion "1"]
[SourceVersionDate "2021.11.30"]
[SourceQuality "1"]

1. e4 e5 2. Nf3 Nc6 3. Nc3 Nf6 4. Bb5 Nd4 5. Ba4 c6 6. d3 Bc5 7. Be3 a5 8. Bb3 d6 9. h3 b5 10. a3 Nxb3 11. cxb3 Bxe3 12. fxe3 0-0 13. 0-0 Qb6 14. Qe1 Be6 15. Nh4 b4 16. Nb1 Qb5 17. Qg3 Kh8 18. Nd2 Qxd3 19. Rad1 Qc2 20. Nhf3 Qxb2 21. axb4 axb4 22. Ng5 Ng8 23. Qh4 h6 24. Qh5 g6 25. Qh4 Bxb3 26. Nxb3 Qxb3 27. Kh2 Kg7 28. Nf3 Qe6 29. Rb1 b3 30. Rfc1 c5 31. Nd2 Rfb8 32. Rc3 b2 33. Nc4 Rb4 0-1

[Event "Sharjah Masters 4th"]
[Site "Sharjah"]
[Date "2021.09.18"]
[Round "2"]
[White "Sohib, Okla"]
[Black "Saeed, Ishaq"]
[Result "0-1"]
[WhiteElo "2190"]
[BlackElo "2411"]
[PlyCount "109"]
[EventDate "2021.09.17"]
[EventType "swiss"]
[EventRounds "9"]
[EventCountry "UAE"]
[SourceTitle "CBM 204 Extra"]
[Source "ChessBase"]
[SourceDate "2021.11.30"]
[SourceVersion "1"]
[SourceVersionDate "2021.11.30"]
[SourceQuality "1"]

1. Nf3 Nf6 2. g3 g6 3. Bg2 Bg7 4. 0-0 0-0 5. d4 d6 6. a4 a5 7. Nc3 Nbd7 8. e4 e5 9. dxe5 Nxe5 10. Nxe5 dxe5 11. b3 c6 12. Ba3 Bg4 13. Qxd8 Rfxd8 14. f3 Be6 15. Rfd1 Bf8 16. Bxf8 Kxf8 17. Kf2 Ke7 18. Ke3 h5 19. Rxd8 Rxd8 20. Rd1 Nd7 21. h4 f6 22. Ne2 Rg8 23. Rh1 Nc5 24. Bh3 f5 25. exf5 gxf5 26. f4 e4 27. Rb1 Na6 28. Rg1 c5 29. Kd2 Rd8+ 30. Kc1 Nb4 31. Nc3 Kf6 32. Bf1 Nc6 33. Be2 Bf7 34. Rd1 Nd4 35. Bc4 Rg8 36. Bxf7 Kxf7 37. Nb5 Rxg3 38. Nxd4 cxd4 39. Rxd4 Ke6 40. b4 b6 41. bxa5 bxa5 42. Rc4 Kd5 43. Rc8 e3 44. Re8 Kd4 45. Kd1 Rg1+ 46. Ke2 Rg2+ 47. Kf3 Rf2+ 48. Kg3 Rxc2 49. Ra8 Kd3 50. Rxa5 Rc4 51. Kf3 Re4 52. Rd5+ Kc4 53. Rd1 e2 54. Rc1+ Kd3 55. Rc4 0-1

[Event "Sharjah Masters 4th"]
[Site "Sharjah"]
[Date "2021.09.17"]
[Round "1"]
[White "Can, Emre"]
[Black "Sohib, Okla"]
[Result "1-0"]
[WhiteElo "2577"]
[BlackElo "2190"]
[PlyCount "62"]
[EventDate "2021.09.17"]
[EventType "swiss"]
[EventRounds "9"]
[EventCountry "UAE"]
[SourceTitle "CBM 204 Extra"]
[Source "ChessBase"]
[SourceDate "2021.11.30"]
[SourceVersion "1"]
[SourceVersionDate "2021.11.30"]
[SourceQuality "1"]

1. d4 d5 2. c4 e6 3. Nf3 Nf6 4. g3 Bb4+ 5. Bd2 Bxd2+ 6. Nbxd2 0-0 7. Bg2 b6 8. 0-0 Bb7 9. Rc1 dxc4 10. Nxc4 Nbd7 11. b4 Rc8 12. Qb3 Bd5 13. Qb2 Qe7 14. a4 c5 15. dxc5 bxc5 16. b5 Nb6 17. Nxb6 axb6 18. Ne5 Ra8 19. Ra1 Qb7 20. f3 Qc7 21. e4 Bb7 22. Nc4 Rfd8 23. Rfc1 Rd4 24. a5 bxa5 25. b6 Qd7 26. Nxa5 Rd2 27. Qc3 Ba6 28. Qxc5 Rc8 29. Nc6 Rxc6 30. Qxc6 Qd4+ 31. Kh1 h5 1-0

[Event "Sharjah Ramadan op rapid"]
[Site "Sharjah"]
[Date "2019.05.14"]
[Round "5"]
[White "Al Namas, Kanan"]
[Black "Sohib, Okla"]
[Result "0-1"]
[WhiteElo "1559"]
[BlackElo "2190"]
[PlyCount "98"]
[EventDate "2019.05.13"]
[EventType "swiss (rapid)"]
[EventRounds "9"]
[EventCountry "UAE"]
[SourceTitle "CBM 190 Extra"]
[Source "ChessBase"]
[SourceDate "2019.07.15"]
[SourceVersion "1"]
[SourceVersionDate "2019.07.15"]
[SourceQuality "1"]

1. e4 e5 2. Nf3 Nc6 3. d4 exd4 4. Bc4 Nf6 5. e5 d5 6. Bb5 Nd7 7. 0-0 Ndb8 8. Nxd4 Be7 9. Nc3 0-0 10. Nxc6 bxc6 11. Bd3 Nd7 12. Qh5 g6 13. Qe2 Nc5 14. f4 Nxd3 15. cxd3 Bc5+ 16. Kh1 Rb8 17. b3 Qh4 18. Bd2 Bg4 19. Qe1 Qxe1 20. Bxe1 f6 21. h3 Bf5 22. Rf3 fxe5 23. fxe5 Bd4 24. Rc1 Bxe5 25. Na4 Bd7 26. Nc5 Rxf3 27. gxf3 Bxh3 28. Kg1 Rf8 29. Bf2 Rxf3 30. d4 Bf4 31. Re1 Kf7 32. Na6 g5 33. Nb8 Rc3 34. Re2 Bg4 35. Re1 Bf5 36. Rf1 h5 37. Be1 Rc2 38. a4 Be4 39. Rf2 Rxf2 40. Bxf2 g4 41. Nxc6 g3 42. Be1 Be3+ 43. Kf1 g2+ 44. Ke2 g1Q 45. Ne5+ Ke6 46. a5 Bxd4 47. Nf3 Qe3+ 48. Kf1 Qxf3+ 49. Bf2 Qxf2# 0-1

[Event "Sharjah Ramadan op rapid"]
[Site "Sharjah"]
[Date "2019.05.13"]
[Round "2"]
[White "Sohib, Okla"]
[Black "Khaled, Tarek Altaher"]
[Result "0-1"]
[WhiteElo "2190"]
[BlackElo "1409"]
[PlyCount "82"]
[EventDate "2019.05.13"]
[EventType "swiss (rapid)"]
[EventRounds "9"]
[EventCountry "UAE"]
[SourceTitle "CBM 190 Extra"]
[Source "ChessBase"]
[SourceDate "2019.07.15"]
[SourceVersion "1"]
[SourceVersionDate "2019.07.15"]
[SourceQuality "1"]

1. c4 e5 2. g3 g6 3. Bg2 d6 4. Nc3 Bg7 5. d3 Ne7 6. Nf3 Nbc6 7. 0-0 0-0 8. Rb1 Nf5 9. Bg5 f6 10. Bd2 Nfd4 11. e3 Nxf3+ 12. Qxf3 h5 13. Qe2 Be6 14. b4 Qc8 15. b5 Ne7 16. e4 c6 17. f4 cxb5 18. Rxb5 Nc6 19. Be3 a6 20. Rb2 f5 21. exf5 Bxf5 22. Bd5+ Kh8 23. Ne4 Bxe4 24. Bxe4 exf4 25. Bxg6 f3 26. Rxf3 Bxb2 27. Qxb2+ Ne5 28. Rxf8+ Qxf8 29. Bxh5 Kg8 30. Qxb7 Rb8 31. Qd5+ Kg7 32. Be2 Rb1+ 33. Kg2 Rb2 34. Bf4 Rxe2+ 35. Kf1 Rxh2 36. Qb7+ Kg8 37. Qd5+ Qf7 38. Qxd6 Ng6 39. Qd8+ Kh7 40. Qd4 Qb7 41. Kg1 Qh1# 0-1

[Event "Olympiad-42"]
[Site "Baku"]
[Date "2016.09.04"]
[Round "3.3"]
[White "Hjartarson, Johann"]
[Black "Sohib, Okla"]
[Result "1/2-1/2"]
[WhiteElo "2545"]
[BlackElo "2153"]
[PlyCount "98"]
[EventDate "2016.09.02"]
[EventType "team-swiss"]
[EventRounds "11"]
[EventCountry "AZE"]
[SourceTitle "CBM 175"]
[Source "ChessBase"]
[SourceDate "2016.11.10"]
[SourceVersion "1"]
[SourceVersionDate "2016.11.10"]
[SourceQuality "1"]
[WhiteTeam "Iceland"]
[BlackTeam "Syria"]
[WhiteTeamCountry "ISL"]
[BlackTeamCountry "SYR"]

1. e4 e5 2. Nf3 Nc6 3. Bb5 a6 4. Ba4 Nf6 5. 0-0 Be7 6. d3 b5 7. Bb3 d6 8. a3 0-0 9. Nc3 Bg4 10. Be3 Nd4 11. Bxd4 exd4 12. Nd5 c6 13. Nxe7+ Qxe7 14. h3 Bxf3 15. Qxf3 c5 16. a4 Qe5 17. g3 Rac8 18. axb5 axb5 19. Ra5 Qe8 20. Rd1 Qc6 21. Bd5 Nxd5 22. exd5 Qd7 23. Kg2 Ra8 24. Rxa8 Rxa8 25. b3 Qe7 26. h4 h6 27. h5 b4 28. Rh1 Re8 29. Ra1 Qb7 30. g4 Re5 31. Kf1 Qxd5 32. Ra8+ Kh7 33. Qxd5 Rxd5 34. Rf8 Rg5 35. f3 f5 36. gxf5 Rxh5 37. Kg2 Rg5+ 38. Kh2 Rh5+ 39. Kg2 Rg5+ 40. Kh2 h5 41. f6 gxf6 42. Rxf6 Rg6 43. Rf5 Re6 44. Rxh5+ Kg6 45. Rd5 Re2+ 46. Kg3 Rxc2 47. Kf4 Rc3 48. Rxd6+ Kf7 49. Rc6 Rxd3 1/2-1/2

[Event "Sharjah op rapid"]
[Site "Sharjah"]
[Date "2014.07.06"]
[Round "4"]
[White "Sohib, Okla"]
[Black "Hilwani, Talal"]
[Result "0-1"]
[WhiteElo "2115"]
[BlackElo "2344"]
[PlyCount "108"]
[EventDate "2014.07.05"]
[EventType "swiss (rapid)"]
[EventRounds "9"]
[EventCountry "UAE"]
[SourceTitle "CBM 161 Extra"]
[Source "ChessBase"]
[SourceDate "2014.08.29"]
[SourceVersion "1"]
[SourceVersionDate "2014.08.29"]
[SourceQuality "1"]

1. d4 Nf6 2. Nf3 d5 3. g3 Bf5 4. Bg2 e6 5. 0-0 Be7 6. c4 c6 7. Nc3 Nbd7 8. Nh4 Be4 9. f3 Bg6 10. Nxg6 hxg6 11. Qb3 Qb6 12. c5 Qc7 13. e4 dxe4 14. Nxe4 Nd5 15. Bg5 N7f6 16. Nd6+ Bxd6 17. cxd6 Qb6 18. Qxb6 axb6 19. a3 Rd8 20. Rfd1 Rxd6 21. Rac1 0-0 22. Kf2 Ra8 23. Rd3 Ra4 24. g4 Rd8 25. Bf1 Rd7 26. Be2 Nc7 27. Bd1 Ra5 28. Bf4 Nfd5 29. Bd2 Ra8 30. f4 Rad8 31. Kf3 Nf6 32. Be2 Nb5 33. Be3 Nxd4+ 34. Bxd4 Rxd4 35. Rxd4 Rxd4 36. Rd1 Rxd1 37. Bxd1 b5 38. Ke3 Kf8 39. Kd4 Ke7 40. Kc5 Nd7+ 41. Kb4 Kd6 42. Bf3 f5 43. gxf5 gxf5 44. Bh5 Nf6 45. Bf3 Nd5+ 46. Ka5 Kc7 47. h4 Nxf4 48. Kb4 Nd3+ 49. Kc3 Ne5 50. Bh5 Kd6 51. Be8 Nf3 52. h5 Ne5 53. Kd4 Nc4 54. Kc3 Ke7 0-1

[Event "Beirut op 3rd"]
[Site "Beirut"]
[Date "2009.10.21"]
[Round "6"]
[White "Sohib, Okla"]
[Black "Al Huwar, Jasem"]
[Result "0-1"]
[WhiteElo "2095"]
[BlackElo "2317"]
[PlyCount "67"]
[EventDate "2009.10.17"]
[EventType "swiss"]
[EventRounds "9"]
[EventCountry "LBN"]
[SourceTitle "EXT 2010"]
[Source "ChessBase"]
[SourceDate "2010.11.25"]
[SourceVersion "1"]
[SourceVersionDate "2010.11.25"]
[SourceQuality "1"]

1. e4 e6 2. d3 d5 3. Qe2 dxe4 4. dxe4 e5 5. Nf3 Nd7 6. Bg5 Ngf6 7. Nc3 c6 8. a3 Be7 9. g4 0-0 10. 0-0-0 Qc7 11. Bh3 b5 12. Rhg1 b4 13. Rxd7 Bxd7 14. axb4 Rfe8 15. Bxf6 Bxf6 16. g5 Bd8 17. Bxd7 Qxd7 18. h4 Rb8 19. b5 Ba5 20. Qc4 cxb5 21. Qd3 Qxd3 22. cxd3 Bxc3 23. bxc3 b4 24. cxb4 Rxb4 25. Kd2 a5 26. Ra1 a4 27. h5 f6 28. g6 Rd8 29. Nh4 hxg6 30. hxg6 Rxe4 31. Nf5 Rf4 32. Ne7+ Kf8 33. Nc6 Rd6 34. Na5 0-1

[Event "Beirut op 3rd"]
[Site "Beirut"]
[Date "2009.10.20"]
[Round "5"]
[White "Khairallah, Faisal"]
[Black "Sohib, Okla"]
[Result "1/2-1/2"]
[WhiteElo "2296"]
[BlackElo "2095"]
[PlyCount "105"]
[EventDate "2009.10.17"]
[EventType "swiss"]
[EventRounds "9"]
[EventCountry "LBN"]
[SourceTitle "EXT 2010"]
[Source "ChessBase"]
[SourceDate "2010.11.25"]
[SourceVersion "1"]
[SourceVersionDate "2010.11.25"]
[SourceQuality "1"]

1. e4 g6 2. d4 Bg7 3. c4 d6 4. Nf3 Nf6 5. Nc3 0-0 6. Be2 e5 7. 0-0 Nc6 8. d5 Ne7 9. Ne1 Ne8 10. f3 f5 11. Be3 f4 12. Bf2 g5 13. c5 Ng6 14. Rc1 Rf7 15. Nb5 h5 16. cxd6 cxd6 17. Nxa7 Bd7 18. a4 Bh6 19. Nb5 Rg7 20. Kh1 g4 21. Rc3 Nh4 22. g3 gxf3 23. Nxf3 Nxf3 24. Bxf3 Bg4 25. Rg1 Nf6 26. Rc4 Kh8 27. gxf4 Bxf4 28. Bh4 Nxe4 29. Bxd8 Nf2+ 30. Kg2 Nxd1 31. Rxd1 Rxd8 32. Bxg4 Rxg4+ 33. Kh3 Rd7 34. Re1 Kh7 35. Rc7 Rxc7 36. Nxc7 Kg6 37. Ne8 Kg5 38. Nxd6 Rh4+ 39. Kg2 Rxh2+ 40. Kf3 Rxb2 41. Rg1+ Kf6 42. Rh1 Rb3+ 43. Ke2 Re3+ 44. Kf2 Rd3 45. Rxh5 Rxd5 46. Nxb7 Rd2+ 47. Kf3 Rd3+ 48. Ke2 e4 49. Nc5 Rd2+ 50. Ke1 Kg6 51. Rh4 Rd5 52. Rxf4 Rxc5 53. Rxe4 1/2-1/2